Efficency of dry yeast, tetracycline and ampicillin on performance and carcass yield of broiler chickens (ប្រសិទ្ធភាពនៃការប្រើប្រាស់មេដំបែស្ងួតតេត្រាស៊ីគ្លីននិងអំពីស៊ីលីនលើការលូតលាស់និងទិន្នផលផ្ទាំងសាច់របស់មាន់សាច់) (Record no. 1978)
[ view plain ]
| 000 -LEADER | |
|---|---|
| fixed length control field | 00792nam a22001577a 4500 |
| 003 - CONTROL NUMBER IDENTIFIER | |
| control field | OSt |
| 005 - DATE AND TIME OF LATEST TRANSACTION | |
| control field | 20151006090939.0 |
| 008 - FIXED-LENGTH DATA ELEMENTS--GENERAL INFORMATION | |
| fixed length control field | 151006b xxu||||| |||| 00| 0 eng d |
| 040 ## - CATALOGING SOURCE | |
| Transcribing agency | RUA |
| 082 ## - DEWEY DECIMAL CLASSIFICATION NUMBER | |
| Classification number | AVM KAO 2005 B075 Or.1 |
| 100 ## - MAIN ENTRY--PERSONAL NAME | |
| 9 (RLIN) | 2095 |
| Personal name | KAO, VATH. |
| 245 ## - TITLE STATEMENT | |
| Title | Efficency of dry yeast, tetracycline and ampicillin on performance and carcass yield of broiler chickens (ប្រសិទ្ធភាពនៃការប្រើប្រាស់មេដំបែស្ងួតតេត្រាស៊ីគ្លីននិងអំពីស៊ីលីនលើការលូតលាស់និងទិន្នផលផ្ទាំងសាច់របស់មាន់សាច់) |
| 260 ## - PUBLICATION, DISTRIBUTION, ETC. (IMPRINT) | |
| Place of publication, distribution, etc. | Phnom Penh |
| Name of publisher, distributor, etc. | RUA |
| Date of publication, distribution, etc. | 2005 |
| 300 ## - PHYSICAL DESCRIPTION | |
| Extent | ix, 46p. |
| Other physical details | ill. |
| Dimensions | 29cm. |
| 942 ## - ADDED ENTRY ELEMENTS (KOHA) | |
| Source of classification or shelving scheme | |
| Koha item type | AVM |
| Price effective from | Date last seen | Permanent Location | Not for loan | Date acquired | Source of classification or shelving scheme | Koha item type | Lost status | Withdrawn status | Date last checked out | Total Checkouts | Shelving location | Damaged status | Barcode | Current Location | Full call number |
|---|---|---|---|---|---|---|---|---|---|---|---|---|---|---|---|
| 2015-10-06 | 2016-05-18 | Library Block B | 2015-10-06 | AVM | 2016-05-03 | 1 | B075 | RUA015186 | Library Block B | AVM KAO 2005 B075 Or.1 | |||||
| 2015-10-06 | 2015-10-06 | Library Block B | 2015-10-06 | AVM | B075 | RUA008700 | Library Block B | AVM KAO 2005 B075 Or.2 | |||||||
| 2015-10-06 | 2015-10-06 | Library Block B | 2015-10-06 | AVM | B075 | RUA007885 | Library Block B | AVM KAO 2005 B075 Or.3 | |||||||
| 2015-10-06 | 2015-10-06 | Library Block B | 2015-10-06 | AVM | B075 | RUA007813 | Library Block B | AVM KAO 2005 B075 Or.4 | |||||||
| 2015-10-06 | 2015-10-06 | Library Block B | 2015-10-06 | AVM | B075 | RUA007741 | Library Block B | AVM KAO 2005 B075 Or.5 | |||||||
| 2015-10-06 | 2015-10-06 | Library Block B | 2015-10-06 | AVM | B075 | RUA007669 | Library Block B | AVM KAO 2005 B075 Or.6 |